[Event "8th Agzamov Memorial 2014"]
[Site "Tashkent UZB"]
[Date "2014.05.19"]
[Round "5.2"]
[White "Zhigalko, S."]
[Black "Pashikian, A."]
[Result "1-0"]
[WhiteElo "2675"]
[BlackElo "2626"]
[PlyCount "63"]
[EventDate "2014.05.15"]
[SourceDate "1999.07.01"]

1. c4 e5 2. Nc3 Nf6 3. Nf3 Nc6 4. e3 Bb4 5. Qc2 O-O 6. Nd5 Be7 7. a3 d6 8. Ng5
g6 9. Nxe7+ Qxe7 10. d3 Bf5 11. b3 e4 12. Bb2 Rae8 13. Qc3 Ne5 14. dxe4 Bxe4
15. f4 Ned7 16. O-O-O Bc6 17. Re1 h6 18. h4 d5 19. cxd5 Bxd5 20. e4 Qd6 21.
exd5 Qxf4+ 22. Kb1 Rxe1+ 23. Qxe1 hxg5 24. hxg5 Qxg5 25. Qe7 Qxd5 26. Ka2 Qd2
27. g4 Qd5 28. Rh3 Qe6 29. Qb4 Ne5 30. g5 Nfg4 31. Be2 f5 32. Bc4 1-0

[Event "HUN-POL Friendly Match m 2014"]
[Site "Budapest HUN"]
[Date "2014.06.09"]
[Round "2.4"]
[White "Swiercz, D."]
[Black "Balogh, C."]
[Result "1-0"]
[WhiteElo "2613"]
[BlackElo "2648"]
[PlyCount "71"]
[EventDate "2014.06.08"]
[SourceDate "1999.07.01"]
[WhiteTeam "Poland"]
[BlackTeam "Hungary"]
[WhiteTeamCountry "LES"]
[BlackTeamCountry "MLT"]

1. c4 e5 2. Nc3 Nf6 3. Nf3 Nc6 4. g3 Bb4 5. Nd5 Bc5 6. Bg2 O-O 7. O-O d6 8. e3
a6 9. b3 Ba7 10. Bb2 Nxd5 11. cxd5 Ne7 12. Nh4 c6 13. dxc6 Nxc6 14. f4 exf4 15.
Rxf4 d5 16. Qh5 Bb8 17. Rf2 d4 18. Be4 h6 19. Raf1 Be6 20. Nf5 Qg5 21. Qxg5
hxg5 22. Nxd4 Nxd4 23. Bxd4 Bd6 24. Bxb7 Rab8 25. Bxa6 Ra8 26. Bc4 Bxc4 27.
bxc4 Rxa2 28. Ra1 Rxa1+ 29. Bxa1 Ra8 30. Bb2 g4 31. d4 Be7 32. Rc2 Kf8 33. Kf2
Ke8 34. Ke2 Kd7 35. Kd3 f5 36. e4 1-0

[Event "FIDE World Blitz 2014"]
[Site "Dubai UAE"]
[Date "2014.06.19"]
[Round "5.24"]
[White "Grischuk, A."]
[Black "Andriasian, Z."]
[Result "0-1"]
[WhiteElo "2792"]
[BlackElo "2611"]
[PlyCount "82"]
[EventDate "2014.06.19"]
[SourceDate "1999.07.01"]

1. c4 e5 2. Nc3 Nc6 3. g3 g6 4. Bg2 Bg7 5. e4 d6 6. Nge2 Nge7 7. d3 Be6 8. Nd5
h6 9. Be3 Nd4 10. Nxd4 exd4 11. Bd2 c6 12. Nf4 Bd7 13. O-O O-O 14. b4 Kh7 15.
a4 a6 16. c5 Nc8 17. Qb3 Qe7 18. Rac1 Rb8 19. Rfe1 b5 20. axb5 Rxb5 21. Qa4
dxc5 22. bxc5 Rb2 23. Rc2 Rxc2 24. Qxc2 Na7 25. Qa4 Nb5 26. Qxa6 Qxc5 27. Qb7
Bc8 28. Qa8 Nc3 29. Qa1 Bd7 30. h4 Rb8 31. Qc1 Bg4 32. Kh2 Rb3 33. f3 Bd7 34.
h5 g5 35. Nh3 Qb5 36. Nf2 Be6 37. e5 Bxe5 38. f4 gxf4 39. Bxf4 Bf6 40. g4 Rb1
41. Qd2 Rb2 0-1

[Event "FIDE World Blitz 2014"]
[Site "Dubai UAE"]
[Date "2014.06.19"]
[Round "6.8"]
[White "Svidler, P."]
[Black "Fedoseev, Vl3"]
[Result "1-0"]
[WhiteElo "2753"]
[BlackElo "2662"]
[PlyCount "91"]
[EventDate "2014.06.19"]
[SourceDate "1999.07.01"]

1. c4 e5 2. g3 Nf6 3. Bg2 d5 4. cxd5 Nxd5 5. Nc3 Nb6 6. Nf3 Nc6 7. O-O Be7 8.
a3 O-O 9. b4 Be6 10. Rb1 f6 11. d3 a5 12. b5 Nd4 13. Nxd4 exd4 14. Na4 Nxa4 15.
Qxa4 Ra7 16. Bb2 Bc5 17. Rfc1 b6 18. Rxc5 bxc5 19. Qc2 Qd6 20. Rc1 Bd5 21. Qxc5
Qxc5 22. Rxc5 Bxg2 23. Kxg2 Re8 24. Kf3 Re5 25. Bxd4 Rxc5 26. Bxc5 Rb7 27. a4
Kf7 28. Ke4 Ke6 29. Kd4 c6 30. b6 Rf7 31. Kc4 Kd7 32. e4 Kc8 33. f4 Rd7 34. d4
Rd8 35. g4 Re8 36. Kd3 Rd8 37. Ke3 Kb7 38. f5 Re8 39. Kf4 Kc8 40. h4 h6 41. e5
Kd7 42. g5 hxg5+ 43. hxg5 fxe5+ 44. dxe5 Rh8 45. e6+ Kc8 46. Ke4 1-0

[Event "FIDE World Blitz 2014"]
[Site "Dubai UAE"]
[Date "2014.06.19"]
[Round "9.32"]
[White "Eljanov, P."]
[Black "Bartel, Mat"]
[Result "0-1"]
[WhiteElo "2723"]
[BlackElo "2641"]
[PlyCount "142"]
[EventDate "2014.06.19"]
[SourceDate "1999.07.01"]

1. c4 e5 2. Nc3 d6 3. Nf3 f5 4. g3 Nf6 5. d4 e4 6. Nh4 g6 7. Bg2 Bg7 8. O-O Nc6
9. f3 O-O 10. Be3 Qe8 11. Qd2 h6 12. Bxh6 e3 13. Bxe3 Kh7 14. Bg5 Qf7 15. e4
Qxc4 16. Rad1 fxe4 17. fxe4 Bg4 18. Bf3 Bxf3 19. Nxf3 Rae8 20. Bf4 Nh5 21. Be3
Kg8 22. b3 Qb4 23. Ng5 Rxf1+ 24. Kxf1 Nf6 25. Kg2 Ng4 26. Bg1 Bh6 27. h4 Nf6
28. Nd5 Nxd5 29. exd5 Qxd2+ 30. Rxd2 Bxg5 31. hxg5 Nb4 32. Bf2 Nxd5 33. Kf3 Kf7
34. Rd1 Ke6 35. g4 Rf8+ 36. Kg3 Nc3 37. Re1+ Kd5 38. Be3 Re8 39. Kf3 Rf8+ 40.
Kg2 Re8 41. Kf3 Nxa2 42. Rh1 Nb4 43. Rh6 Re6 44. Rh7 Kc6 45. Rg7 Nd5 46. Bd2 b6
47. Rg8 a5 48. Ra8 Kb5 49. Kf2 c5 50. dxc5 dxc5 51. Kf3 c4 52. bxc4+ Kxc4 53.
Rc8+ Kd3 54. Bc1 Nb4 55. Rd8+ Kc4 56. Rf8 Nd5 57. Rc8+ Kb5 58. Rd8 Kc6 59. Rc8+
Kd7 60. Ra8 Kc6 61. Rc8+ Kb7 62. Rd8 Nc7 63. Bf4 Nb5 64. Rb8+ Kc6 65. Rc8+ Kd5
66. Rd8+ Kc4 67. Rf8 a4 68. Rf6 Kd5 69. Rf8 a3 70. Ra8 Kc4 71. Bc1 Kb3 0-1

[Event "FIDE World Blitz 2014"]
[Site "Dubai UAE"]
[Date "2014.06.19"]
[Round "10.28"]
[White "Inarkiev, E."]
[Black "Anton Guijarro, D."]
[Result "1-0"]
[WhiteElo "2682"]
[BlackElo "2631"]
[PlyCount "75"]
[EventDate "2014.06.19"]
[SourceDate "1999.07.01"]

1. c4 e5 2. Nc3 Nc6 3. g3 Bc5 4. Bg2 d6 5. e3 a6 6. Nge2 Ba7 7. O-O h5 8. d4 h4
9. dxe5 Nxe5 10. Nf4 hxg3 11. hxg3 Qg5 12. Ncd5 Qh6 13. Re1 Kd8 14. c5 Qh2+ 15.
Kf1 Bg4 16. f3 Nh6 17. Nxc7 Bxc5 18. b4 Bxf3 19. Bxf3 Nf5 20. Bg2 Nxg3+ 21. Kf2
Qh4 22. Qc2 Ne4+ 23. Kf1 Ng3+ 24. Kf2 Bb6 25. Ncd5 Rc8 26. Qb2 Ne4+ 27. Kf1
Ng3+ 28. Kf2 Rc4 29. Nxb6 Re4 30. Nbd5 Nf5+ 31. Kf1 Ng3+ 32. Kf2 Nf5+ 33. Ke2
Ng3+ 34. Kd1 Nf5 35. Bxe4 Ng3 36. Bg2 Qh2 37. Qc2 Ng4 38. Qc7+ 1-0

[Event "FIDE World Blitz 2014"]
[Site "Dubai UAE"]
[Date "2014.06.19"]
[Round "11.15"]
[White "Van Wely, L."]
[Black "Movsesian, S."]
[Result "0-1"]
[WhiteElo "2654"]
[BlackElo "2672"]
[PlyCount "152"]
[EventDate "2014.06.19"]
[SourceDate "1999.07.01"]

1. c4 e5 2. Nc3 Nc6 3. g3 Bc5 4. Nf3 d6 5. Bg2 Nf6 6. O-O O-O 7. Na4 e4 8. Ng5
Bf5 9. Nxc5 dxc5 10. b3 h6 11. Nh3 Qd7 12. Nf4 Rad8 13. Bb2 Nd4 14. d3 exd3 15.
exd3 Bg4 16. Qd2 Rfe8 17. Rfe1 c6 18. h3 Bf5 19. g4 Bh7 20. Rxe8+ Nxe8 21. Re1
Nc7 22. Nh5 Nce6 23. f4 Qd6 24. Re3 Rf8 25. f5 Nc7 26. Re4 Rd8 27. Bxd4 cxd4
28. Qf4 Qxf4 29. Nxf4 Kf8 30. b4 g6 31. fxg6 fxg6 32. Ne2 g5 33. Rxd4 Rxd4 34.
Nxd4 Bxd3 35. c5 Ke7 36. Kf2 Bc4 37. a3 Kf6 38. Ke3 Ke5 39. Nf3+ Kf6 40. Nd4
Bf7 41. Nf5 Nb5 42. a4 Nc3 43. a5 Na2 44. Nd6 Nxb4 45. Nxb7 Ke5 46. Nd6 Be6 47.
Be4 a6 48. Bf3 Nc2+ 49. Kd2 Nd4 50. Bd1 Kd5 51. Ke3 Kxc5 52. Ne4+ Kd5 53. Nf6+
Ke5 54. Ne4 Bb3 55. Bxb3 Nxb3 56. Ng3 Nxa5 57. Nf5 h5 58. Nd4 hxg4 59. hxg4
Nc4+ 60. Kd3 Nb2+ 61. Ke3 Nd1+ 62. Kd3 Nf2+ 63. Kc4 Nxg4 64. Nxc6+ Kf4 65. Nd4
Ne3+ 66. Kd3 Nf5 67. Ne6+ Kg4 68. Kc4 Nd6+ 69. Kc5 Nb7+ 70. Kb6 a5 71. Kxb7 a4
72. Kc6 a3 73. Nd4 Kf4 74. Kd5 a2 75. Nb3 g4 76. Kc4 g3 0-1

[Event "FIDE World Blitz 2014"]
[Site "Dubai UAE"]
[Date "2014.06.19"]
[Round "11.29"]
[White "Potkin, V."]
[Black "Safarli, E."]
[Result "0-1"]
[WhiteElo "2621"]
[BlackElo "2649"]
[PlyCount "74"]
[EventDate "2014.06.19"]
[SourceDate "1999.07.01"]

1. c4 e5 2. Nc3 Nf6 3. Nf3 Nc6 4. g3 d5 5. cxd5 Nxd5 6. Bg2 Nb6 7. O-O Be7 8.
a3 O-O 9. b4 Be6 10. d3 f6 11. Ne4 a5 12. Nc5 Bxc5 13. bxc5 Nd5 14. Bb2 Qd7 15.
Qc2 Kh8 16. Rfd1 Bh3 17. d4 Bxg2 18. Kxg2 exd4 19. Nxd4 Nxd4 20. Rxd4 Qc6 21.
Kg1 Rae8 22. Rad1 Ne7 23. Qc3 Ng6 24. R4d2 a4 25. Qc4 b5 26. Qd5 Qxd5 27. Rxd5
Rxe2 28. Bc3 h6 29. Rd7 Rc2 30. Bb4 c6 31. f4 Re8 32. Rd8 Rxd8 33. Rxd8+ Kh7
34. Rc8 Ne7 35. Rc7 Nd5 36. Rxc6 Nxb4 37. axb4 a3 0-1

[Event "FIDE World Blitz 2014"]
[Site "Dubai UAE"]
[Date "2014.06.20"]
[Round "13.25"]
[White "Vitiugov, N."]
[Black "Sokolov, Ivan"]
[Result "0-1"]
[WhiteElo "2742"]
[BlackElo "2650"]
[PlyCount "102"]
[EventDate "2014.06.19"]
[SourceDate "1999.07.01"]

1. c4 e5 2. Nc3 Bb4 3. Nd5 Bc5 4. Nf3 c6 5. Nc3 d6 6. e3 Nd7 7. Be2 Ngf6 8. O-O
Bb4 9. Qc2 Bxc3 10. Qxc3 e4 11. Nd4 Ne5 12. f4 exf3 13. Nxf3 Nxf3+ 14. Bxf3 O-O
15. b3 Nd7 16. Bb2 Qg5 17. d4 d5 18. e4 Nf6 19. e5 Ne4 20. Bxe4 dxe4 21. Rae1
Bf5 22. Re3 Bg6 23. Rg3 Qh5 24. Qe3 Rad8 25. h3 Qh4 26. Kh2 Qe7 27. Rf4 f6 28.
exf6 Rxf6 29. Rxf6 Qxf6 30. Bc3 Qf1 31. Qg5 Rf8 32. d5 cxd5 33. cxd5 Qf4 34.
Qe7 Qf7 35. Qe5 Re8 36. Qd4 h5 37. d6 Kh7 38. Kg1 Qd7 39. Bd2 Re6 40. Bf4 Rf6
41. Be5 Re6 42. Qd5 a6 43. Rc3 e3 44. Rxe3 Bf7 45. Qd4 Rg6 46. Rc3 b5 47. Kh2
Qb7 48. Bg3 Be6 49. Rc7 Qa8 50. d7 Qd8 51. Qe5 Bxd7 0-1

[Event "FIDE World Blitz 2014"]
[Site "Dubai UAE"]
[Date "2014.06.20"]
[Round "14.15"]
[White "Svidler, P."]
[Black "Safarli, E."]
[Result "0-1"]
[WhiteElo "2753"]
[BlackElo "2649"]
[PlyCount "52"]
[EventDate "2014.06.19"]
[SourceDate "1999.07.01"]

1. c4 e5 2. g3 Nf6 3. Bg2 d5 4. cxd5 Nxd5 5. Nc3 Nb6 6. d3 Be7 7. Be3 O-O 8.
Rc1 Nc6 9. Bxc6 bxc6 10. Nf3 f6 11. Ne4 Be6 12. b3 Bd5 13. O-O a5 14. Bc5 a4
15. Nfd2 axb3 16. axb3 Nd7 17. Bxe7 Qxe7 18. Qc2 f5 19. Nc5 Nxc5 20. Qxc5 Qxc5
21. Rxc5 Ra2 22. Rd1 e4 23. dxe4 fxe4 24. Rc3 Rb8 25. Re3 Rb4 26. h4 Rd4 0-1

[Event "FIDE World Blitz 2014"]
[Site "Dubai UAE"]
[Date "2014.06.20"]
[Round "17.24"]
[White "Inarkiev, E."]
[Black "Movsesian, S."]
[Result "1-0"]
[WhiteElo "2682"]
[BlackElo "2672"]
[PlyCount "85"]
[EventDate "2014.06.19"]
[SourceDate "1999.07.01"]

1. c4 e5 2. Nc3 Nc6 3. g3 Bc5 4. Bg2 d6 5. e3 a6 6. a3 Ba7 7. b4 Nf6 8. Nge2
Bf5 9. d3 Qd7 10. h3 O-O 11. g4 Be6 12. Ng3 Rab8 13. Nd5 Ne8 14. O-O Nd8 15.
Qf3 c6 16. Nc3 Nc7 17. Nce4 f6 18. Nf5 Ne8 19. Bb2 Bf7 20. Rfd1 d5 21. Neg3 Rc8
22. Rac1 Nc7 23. g5 Be6 24. gxf6 gxf6 25. cxd5 Bxd5 26. Qg4+ Kh8 27. d4 Rg8 28.
Qh4 Qe6 29. dxe5 Nf7 30. Qxf6+ Qxf6 31. exf6 Rcd8 32. Ne7 Rge8 33. Nxd5 Nxd5
34. Bxd5 cxd5 35. Rc7 Kg8 36. Nf5 Bb8 37. Rxb7 Re6 38. Ne7+ Kf8 39. Rxd5 Re8
40. Rdd7 Be5 41. Ng6+ Kg8 42. Rxf7 hxg6 43. Rg7+ 1-0

[Event "FIDE World Blitz 2014"]
[Site "Dubai UAE"]
[Date "2014.06.20"]
[Round "19.24"]
[White "Vitiugov, N."]
[Black "Movsesian, S."]
[Result "1-0"]
[WhiteElo "2742"]
[BlackElo "2672"]
[PlyCount "83"]
[EventDate "2014.06.19"]
[SourceDate "1999.07.01"]

1. c4 e5 2. e3 Nf6 3. Nc3 Nc6 4. Nf3 g6 5. d4 d6 6. g3 Bg7 7. Bg2 O-O 8. O-O
Bf5 9. h3 Qc8 10. Kh2 Re8 11. d5 Ne7 12. Nh4 Bd7 13. e4 Rf8 14. b4 a5 15. bxa5
Rxa5 16. a4 Ne8 17. Ba3 b6 18. Bb4 Ra8 19. Nf3 h6 20. Qd3 f5 21. Nd2 Nf6 22. a5
bxa5 23. Rxa5 Rxa5 24. Bxa5 f4 25. c5 g5 26. c6 Be8 27. Rb1 fxg3+ 28. fxg3 Ng6
29. Rb7 Nh5 30. Rxc7 Qa8 31. Qb5 Rf2 32. Nc4 Bf7 33. Qb7 Qf8 34. Rc8 Be8 35.
Rxe8 Qxe8 36. c7 Ne7 37. Nxd6 Qg6 38. Nf5 Kh7 39. Nxe7 Qf7 40. c8=Q Nf4 41.
Qf5+ Qxf5 42. Nxf5 1-0

[Event "FIDE World Blitz 2014"]
[Site "Dubai UAE"]
[Date "2014.06.20"]
[Round "20.32"]
[White "Ipatov, Alexander"]
[Black "Sokolov, Ivan"]
[Result "0-1"]
[WhiteElo "2613"]
[BlackElo "2650"]
[PlyCount "95"]
[EventDate "2014.06.19"]
[SourceDate "1999.07.01"]

1. c4 e5 2. Nc3 Bb4 3. g3 Bxc3 4. bxc3 Nf6 5. Bg2 O-O 6. Nf3 Re8 7. O-O e4 8.
Ne1 Nc6 9. d3 d5 10. cxd5 Qxd5 11. Nc2 Qh5 12. Ne3 Bh3 13. d4 Rad8 14. Rb1 b6
15. Qa4 Na5 16. Qb5 Qxb5 17. Rxb5 Bxg2 18. Kxg2 c6 19. Rb1 Nd5 20. Bd2 Nxe3+
21. Bxe3 Nc4 22. a4 a5 23. Rb3 Rd5 24. Rfb1 Rb8 25. Bf4 Rb7 26. f3 e3 27. g4 f6
28. h4 h6 29. h5 Kf7 30. Rd1 Re7 31. Rdb1 Rb7 32. Rd1 Ke8 33. Kg3 Kd8 34. Rd3
Re7 35. Bxe3 Rxe3 36. Rxe3 Nxe3 37. Rxb6 Kc7 38. Rb3 Rd8 39. Kf2 Nc4 40. e4 Rb8
41. Rxb8 Kxb8 42. f4 Nb2 43. e5 fxe5 44. dxe5 Nxa4 45. g5 Nxc3 46. f5 Ne4+ 47.
Ke3 Nxg5 48. Kd4 0-1

[Event "Politiken Cup 2014"]
[Site "Helsingor DEN"]
[Date "2014.07.28"]
[Round "9.3"]
[White "Matlakov, M."]
[Black "Timman, J."]
[Result "1-0"]
[WhiteElo "2685"]
[BlackElo "2610"]
[PlyCount "65"]
[EventDate "2014.07.21"]
[SourceDate "1999.07.01"]

1. c4 e5 2. g3 Nf6 3. Bg2 d5 4. cxd5 Nxd5 5. Nc3 Nb6 6. Nf3 Nc6 7. O-O Be7 8.
a3 O-O 9. b4 Re8 10. b5 Nd4 11. Nxe5 Bf6 12. f4 Bxe5 13. fxe5 Rxe5 14. e3 Nxb5
15. Nxb5 Rxb5 16. a4 Ra5 17. Qb3 Be6 18. Qb4 Nc4 19. Rf4 c5 20. Qc3 Nd6 21. Bb2
f6 22. g4 Ne8 23. g5 f5 24. Qe5 Qd6 25. Rxf5 Bxf5 26. Qxf5 Qe7 27. Be4 c4 28.
Qxh7+ Kf7 29. Rf1+ Ke6 30. Qh3+ Kd6 31. Ba3+ Rc5 32. Bxc5+ Kxc5 33. Qf5+ 1-0

[Event "41st Olympiad Open 2014"]
[Site "Tromso NOR"]
[Date "2014.08.04"]
[Round "3.22"]
[White "Granda Zuniga, J."]
[Black "Bologan, V."]
[Result "0-1"]
[WhiteElo "2663"]
[BlackElo "2654"]
[PlyCount "52"]
[EventDate "2014.08.02"]
[SourceDate "1999.07.01"]
[WhiteTeam "Peru"]
[BlackTeam "Moldova"]
[WhiteTeamCountry "CON"]
[BlackTeamCountry "SUI"]

1. c4 e5 2. Nc3 Nf6 3. g3 Bb4 4. Bg2 O-O 5. e4 Bxc3 6. dxc3 d6 7. Qe2 Nbd7 8.
Nf3 Nc5 9. Nh4 a6 10. f3 Be6 11. Be3 Qd7 12. O-O b5 13. cxb5 axb5 14. Qf2 Qc6
15. Nf5 Rfe8 16. g4 Bxf5 17. gxf5 Ra4 18. Rfd1 Ncd7 19. b3 Ra3 20. Bf1 Rea8 21.
c4 b4 22. Qd2 Nc5 23. Rab1 Rxa2 24. Qxb4 Ncxe4 25. fxe4 Qxe4 26. Qe1 Ng4 0-1

[Event "TCh-TUR Super League 2014"]
[Site "Kocaeli TUR"]
[Date "2014.08.20"]
[Round "3.3"]
[White "Mamedov, Nid"]
[Black "Inarkiev, E."]
[Result "1-0"]
[WhiteElo "2624"]
[BlackElo "2666"]
[PlyCount "81"]
[EventDate "2014.08.18"]
[SourceDate "1999.07.01"]
[WhiteTeam "Mersin Ezgi Satranc Kulubu"]
[BlackTeam "Denizsu Aquamatch Satranc Genclik VE Spor Kul"]

1. c4 e5 2. Nc3 Nf6 3. g3 Bb4 4. Bg2 O-O 5. e4 Bxc3 6. bxc3 c6 7. d4 d6 8. Ne2
Re8 9. f3 b6 10. g4 Ba6 11. Ng3 Bxc4 12. g5 Nfd7 13. Nf5 Qc7 14. dxe5 Nxe5 15.
Qxd6 Na6 16. Qxc7 Nxc7 17. Nd6 Re7 18. Nxc4 Nxc4 19. Bf1 Ne5 20. Kf2 Rd8 21.
Bf4 f6 22. gxf6 gxf6 23. Rg1+ Kf7 24. Bh6 Ne6 25. f4 Nd3+ 26. Ke3 Ndc5 27. Bc4
b5 28. Rg6 Ke8 29. Rg8+ Kd7 30. Bxe6+ Nxe6 31. Rd1+ Kc7 32. Rdxd8 Nxd8 33. f5
Kd7 34. Bf8 Rf7 35. h4 h5 36. Kf4 Rh7 37. Bg7 Ke7 38. Bxf6+ Kxf6 39. Rxd8 Rg7
40. e5+ Ke7 41. f6+ 1-0

[Event "5th Yaroslav the Wise Rapid"]
[Site "Yaroslavl RUS"]
[Date "2014.08.27"]
[Round "10.3"]
[White "Potkin, V."]
[Black "Motylev, A."]
[Result "0-1"]
[WhiteElo "2610"]
[BlackElo "2686"]
[PlyCount "84"]
[EventDate "2014.08.26"]
[SourceDate "1999.07.01"]

1. c4 e5 2. Nc3 Nf6 3. e3 Bb4 4. Nge2 c6 5. a3 Ba5 6. b4 Bc7 7. Bb2 O-O 8. Ng3
a5 9. Be2 Re8 10. O-O d5 11. cxd5 cxd5 12. Nb5 Bb6 13. f4 e4 14. Nh5 Nxh5 15.
Bxh5 Nc6 16. f5 d4 17. Qg4 Qd5 18. bxa5 Ne5 19. Qg5 Bd8 20. Qg3 Qxb5 21. Bxd4
Bf6 22. Rac1 Nd7 23. Rc5 Qa6 24. Rd5 Bxd4 25. Rxd4 Nf6 26. Bd1 Qxa5 27. Qf2
Qxa3 28. g4 Ra5 29. Qg3 h6 30. h4 h5 31. g5 Ng4 32. Bxg4 hxg4 33. Qxg4 Qe7 34.
h5 Qe5 35. g6 f6 36. Rf4 Bxf5 37. Qg2 Rd5 38. Qf2 Be6 39. Rdxe4 Qxh5 40. Qf3
Rg5+ 41. Kf1 Qxf3+ 42. Rxf3 Bh3+ 0-1

[Event "St.Petersburg Rapid 2014"]
[Site "St Petersburg RUS"]
[Date "2014.08.31"]
[Round "6.7"]
[White "Romanov, E."]
[Black "Moiseenko, A1."]
[Result "0-1"]
[WhiteElo "2643"]
[BlackElo "2707"]
[PlyCount "34"]
[EventDate "2014.08.30"]
[SourceDate "1999.07.01"]

1. c4 e5 2. Nc3 Bb4 3. Nd5 Bc5 4. Nf3 e4 5. d4 Bf8 6. Bf4 exf3 7. exf3 d6 8.
Qa4+ c6 9. O-O-O b5 10. cxb5 cxd5 11. b6+ Bd7 12. Bb5 Qxb6 13. Rhe1+ Be7 14.
Bxd7+ Nxd7 15. Rd2 Ngf6 16. g4 Rc8+ 17. Kd1 Rc4 0-1

[Event "Corsican Circuit Final 2014"]
[Site "Bastia FRA"]
[Date "2014.10.20"]
[Round "3.1"]
[White "Anand, V."]
[Black "Fedorchuk, S."]
[Result "0-1"]
[WhiteElo "2785"]
[BlackElo "2673"]
[PlyCount "98"]
[EventDate "2014.10.19"]
[SourceDate "1999.07.01"]

1. c4 e5 2. g3 Nc6 3. Bg2 Bc5 4. e3 d6 5. Ne2 a6 6. O-O Ba7 7. b3 h5 8. h3 f5
9. d4 h4 10. Bb2 hxg3 11. fxg3 Qg5 12. Nbc3 Nf6 13. Nd5 Nxd5 14. cxd5 Qxe3+ 15.
Kh2 Nxd4 16. Bxd4 Bxd4 17. Nxd4 Qxd4 18. Qc2 Qc5 19. Qd2 O-O 20. Rac1 Qb6 21.
Rc4 Bd7 22. Rh4 Rf6 23. g4 Qd4 24. Qxd4 exd4 25. g5 Rg6 26. Rxd4 Rxg5 27. Rc1
Re8 28. Rd2 Bb5 29. Rcc2 Re3 30. a4 Bd3 31. Rc3 Re2 32. Rxe2 Bxe2 33. Rxc7 f4
34. Rc3 Kf7 35. Bf3 Re5 36. Kg2 Bxf3+ 37. Kxf3 g5 38. Kg4 Kf6 39. Rc8 Rxd5 40.
Rf8+ Ke6 41. h4 gxh4 42. Rxf4 Ke5 43. Rf5+ Kd4 44. Rf7 b5 45. Kxh4 Kc3 46. Rf3+
Kc2 47. axb5 axb5 48. Kg4 Rd3 49. Rf5 b4 0-1

[Event "10th Ugra Governor's Cup"]
[Site "Khanty-Mansiysk RUS"]
[Date "2014.11.12"]
[Round "8.2"]
[White "Matlakov, M."]
[Black "Bukavshin, I."]
[Result "1-0"]
[WhiteElo "2685"]
[BlackElo "2629"]
[PlyCount "75"]
[EventDate "2014.11.05"]
[SourceDate "1999.07.01"]

1. c4 e5 2. Nc3 Nf6 3. Nf3 Nc6 4. g3 d5 5. cxd5 Nxd5 6. Bg2 Nb6 7. O-O Be7 8.
a3 O-O 9. b4 Be6 10. Rb1 f6 11. d3 a5 12. b5 Nd4 13. Nd2 Qc8 14. e3 Nf5 15. Qc2
Rd8 16. Re1 Nd6 17. Nce4 Nxe4 18. Bxe4 Bd5 19. Bb2 f5 20. Bf3 Qe6 21. e4 fxe4
22. Bxe4 a4 23. Bxe5 Bxa3 24. Bxg7 Kxg7 25. Bxd5 Qxd5 26. Qc3+ Qd4 27. Qxa3 Kg8
28. Rb4 Qd7 29. h3 Qxh3 30. Re5 Rd5 31. Qa2 Rad8 32. Rd4 c6 33. bxc6 bxc6 34.
Rg5+ Kf8 35. Rf4+ Ke8 36. Ne4 Nd7 37. Rg8+ Ke7 38. Rg7+ 1-0